| 000 | 00483cam a2200193ua 4500 | ||
|---|---|---|---|
| 001 | 5569 | ||
| 005 | 20260515113915.0 | ||
| 008 | 131004n ii |||gr||||Z||||||eng | ||
| 020 | _a978-81-908213-3-9 | ||
| 040 | _cMAIN | ||
| 082 | _a305.4 | ||
| 245 |
_aWomen And Human Rights _cby R.K.Tiwari |
||
| 260 |
_aDelhi: _bNeeraj Publishing House, _c2011. |
||
| 300 | _aiv,340p. | ||
| 653 | _asociology | ||
| 653 | _aWomen And Human Rights | ||
| 700 |
_aTiwari,R.K, _eAuthor. |
||
| 942 | _cBK | ||
| 999 |
_c4729 _d4729 |
||